| 000 | 00830cam a2200265 a 4500 | ||
|---|---|---|---|
| 001 | 18145649 | ||
| 005 | 20150504124032.0 | ||
| 008 | 140509s2015 enka frb 001 0 eng | ||
| 020 | _a9781849207874 | ||
| 020 | _a9781849207881 (pbk) | ||
| 040 |
_aDLC _beng _cDLC _dEG-ScBUE |
||
| 082 | 0 | 4 |
_a175 _bHOR _222 |
| 100 | 1 |
_aHorner, David. _937822 |
|
| 245 | 1 | 0 |
_aUnderstanding media ethics / _cDavid Sanford Horner. |
| 260 |
_aLondon ; _aLos Angeles : _bSAGE Publications Ltd, _c2015. |
||
| 300 |
_ax, 256 p. : _bill. ; _c24 cm. |
||
| 500 | _aIndex : p. 248-256. | ||
| 504 | _aBibliography : p. 239-247. | ||
| 650 | 7 |
_aMass media _xMoral and ethical aspects. _2BUEsh _937823 |
|
| 650 | 7 |
_aJournalistic ethics. _2BUEsh _937793 |
|
| 651 | _2BUEsh | ||
| 653 |
_bCOMAME _cMay2015 |
||
| 655 |
_vreading book _934232 |
||
| 942 |
_2ddc _k175 HOR |
||
| 999 |
_c19255 _d19227 |
||